<The> Concept of Kaizen and Its Use in Marketing Management

Poukázanie na využívanie nástrojov prístupu Kaizen v marketingovm riadení. Popis prístupu Kaizen podľa nástrojov marketingového mixu a na základe Demingovho PDCA cyklu.

Enregistré dans:
Détails bibliographiques
Auteur principal: Teplická, Katarína
Format: Chapitre de livre
Langue:anglais
Sujets:
Tags: Ajouter un tag
Pas de tags, Soyez le premier à ajouter un tag!

MARC

LEADER 00000naa a2200000 4500
001 0262010
005 20200131131958.6
041 0 |a eng 
044 |a US 
245 1 0 |a <The> Concept of Kaizen and Its Use in Marketing Management  |c Katarína Teplická 
520 |a Poukázanie na využívanie nástrojov prístupu Kaizen v marketingovm riadení. Popis prístupu Kaizen podľa nástrojov marketingového mixu a na základe Demingovho PDCA cyklu. 
610 2 0 |a náklady 
610 2 0 |a efektívnosť 
610 2 0 |a marketing 
610 2 0 |a riadenie 
610 2 0 |a podnik 
100 1 |a Teplická, Katarína